<?xml version="1.0" encoding="UTF-8"?>
<record
    xmlns:xsi="http://www.w3.org/2001/XMLSchema-instance"
    xsi:schemaLocation="http://www.loc.gov/MARC21/slim http://www.loc.gov/standards/marcxml/schema/MARC21slim.xsd"
    xmlns="http://www.loc.gov/MARC21/slim">

  <leader>01991nam a2200313Ia 4500</leader>
  <controlfield tag="001">G2380</controlfield>
  <controlfield tag="003">IT-RoPAU</controlfield>
  <controlfield tag="008">130308s9999    xx            000 0 und d</controlfield>
  <datafield tag="040" ind1=" " ind2=" ">
    <subfield code="a">IT-RoPAU</subfield>
  </datafield>
  <datafield tag="040" ind1=" " ind2=" ">
    <subfield code="c">IT-RoPAU</subfield>
  </datafield>
  <datafield tag="041" ind1=" " ind2=" ">
    <subfield code="a">ITALIANO</subfield>
  </datafield>
  <datafield tag="100" ind1=" " ind2=" ">
    <subfield code="a">Robins Kevin</subfield>
  </datafield>
  <datafield tag="100" ind1=" " ind2=" ">
    <subfield code="g">Codice Aut. SPICS: 17257</subfield>
  </datafield>
  <datafield tag="240" ind1=" " ind2=" ">
    <subfield code="a">INTO THE IMAGE. CULTURE AND POLITICS IN THE FIELD OF VISION</subfield>
  </datafield>
  <datafield tag="240" ind1=" " ind2=" ">
    <subfield code="g">Codice Tit. Orig. Spics: T3214</subfield>
  </datafield>
  <datafield tag="245" ind1=" " ind2=" ">
    <subfield code="a">Oltre l'immagine. Politiche culturali nei territori visivi</subfield>
  </datafield>
  <datafield tag="245" ind1=" " ind2=" ">
    <subfield code="b">Oltre L'Immagine. politiche culturali Nei territori Visivi</subfield>
  </datafield>
  <datafield tag="250" ind1=" " ind2=" ">
    <subfield code="a">1a ed.</subfield>
  </datafield>
  <datafield tag="260" ind1=" " ind2=" ">
    <subfield code="a">GENOVA</subfield>
  </datafield>
  <datafield tag="260" ind1=" " ind2=" ">
    <subfield code="b">Costa &amp; Nolan</subfield>
  </datafield>
  <datafield tag="260" ind1=" " ind2=" ">
    <subfield code="c">1999 [1&#xB0; Ed.:1999 - Ed.Ling.Originale:1996]</subfield>
  </datafield>
  <datafield tag="300" ind1=" " ind2=" ">
    <subfield code="a">"252 p. (prefazione: no ; testo: 252 [pagine: 0-0])"</subfield>
  </datafield>
  <datafield tag="500" ind1=" " ind2=" ">
    <subfield code="a">Cultura e Politica della Visione. Analisi delle Modalit&#xE0; con Cui, Anche Attraverso le nuove tecnologie dell'Immagine, si Costruisce Il Rapporto tra la Cultura Dello schermo e la Quotidiana Esperienza del Mondo. tecnologie dell'Immagine e Cultura Visiva. tocco dell'Ignoto: Mondo senza Realt&#xE0;, tecnologia ed Esperienza, Vista e Tatto, imparare a Vedere. Spazio Dello Schermo: Realt&#xE0; Virtuale: Dentro Il Micromondo, Vedere in Modo Ostile: Simulazione, sorveglianza e Attacco. visioni di Guerra: Sentinelle e Sorvegliati, Guerra (Del Golfo) e Schermo, schermo Infestato. Ciberspazio e Mondo in Cui Viviamo: Ciberspazio e Autoidentit&#xE0;, Comunit&#xE0; virtuale e Identit&#xE0; Collettiva, mondi in Cui Viviamo. consumo delle Immagini: dal Simbolico Allo Psicotico, Sociologie di Consumo, Paura e Conoscenza, consumo e Realt&#xE0;. Citt&#xE0; nel Territorio Visivo: Citt&#xE0; e scenario del Sogno, Citt&#xE0; Persa di Vista, Lasceremo morire Il Cinema? ci Potranno Ancora Commuovere le Immagini?: Morte della Fotografia, Razionalizzazione dell'Immagine, guardando di Nuovo Ilmondo. Bibliografia.</subfield>
  </datafield>
  <datafield tag="650" ind1=" " ind2=" ">
    <subfield code="a">TEORICHE TELEVISIVE</subfield>
  </datafield>
  <datafield tag="650" ind1=" " ind2=" ">
    <subfield code="e">Codice materia Spics: 6955</subfield>
  </datafield>
  <datafield tag="942" ind1=" " ind2=" ">
    <subfield code="c">BK</subfield>
  </datafield>
  <datafield tag="957" ind1=" " ind2=" ">
    <subfield code="7">1</subfield>
  </datafield>
  <datafield tag="999" ind1=" " ind2=" ">
    <subfield code="c">93942</subfield>
    <subfield code="d">93942</subfield>
  </datafield>
  <datafield tag="999" ind1=" " ind2=" ">
    <subfield code="g">1</subfield>
  </datafield>
  <datafield tag="952" ind1=" " ind2=" ">
    <subfield code="0">0</subfield>
    <subfield code="1">0</subfield>
    <subfield code="4">0</subfield>
    <subfield code="6">G_000000000000000_2380</subfield>
    <subfield code="7">1</subfield>
    <subfield code="a">SPICS</subfield>
    <subfield code="b">SPICS</subfield>
    <subfield code="d">2013-03-08</subfield>
    <subfield code="l">0</subfield>
    <subfield code="o">G2380</subfield>
    <subfield code="r">2013-03-08 00:00:00</subfield>
    <subfield code="w">2013-03-08</subfield>
    <subfield code="y">BK</subfield>
    <subfield code="z">Progressivo inserimento:  44197 /  N. Volumi: 1 Copie: 1  / data import: 1 marzo 2013 - By Epidotti, Trombetti, Vaglietti. </subfield>
  </datafield>
</record>
